Kariera Daniela Ricciardo - Statystyki

Ogólne statystyki
  • Ten quiz został rozwiązany 12 razy
  • Średni wynik to 6 z 7
Statystyki odpowiedzi
Zespoły % Poprawnych
2021-2022 McLaren
100%
2014-2018 Red Bull
100%
2023 AlphaTauri
91%
2024 Racing Bulls
91%
2019-2020 Renault
91%
2012-2013 Toro Rosso
73%
2011 HRT
64%
Nie znaleziono quizów pasujących do podanych kryteriów
Rozkład punktacji
Procent ludzi z każdym wynikiem
Percentyl według liczby udzielonych odpowiedzi
Twoja historia wyników
Nie rozwiązałeś tego quizu